000 01200njm a22002777a 4500
005 20100901115333.0
006 a|||||r|||||00| 0
007 sd ammalaaahaa
008 100901t xxu||||| |||| 00| 0 eng d
028 _aN 54236
_bHis Master Voice
035 _aGR-01207
040 _aSED
_cSED
100 _aMohd Rafi
_917891
245 _aBegana /
_cby Mohd Rafi ; Music by Sapan Jagmohan ; lyrices by Shailendra
_h[Sound recording]
246 _aबेगाना / मोहद रफ़ी
260 _aDUM DUM, India
_bHis Master Voice
300 _a1 Sound disc [Gramophone Recording] :
_banalog, 33 1/3 rpm
_c9.5 in. (MP)
_fGramophone Record
500 _aBrief record
505 _aSide-1 फिर वो भूली सी याद आई है (Fir vo bhuli si yad aai hae ) (Mohd Rafi)-- Side-2 सागर का झलमल पानी (Sagar ka jhalmal pani) (Manna Dey, Asha Bhosle & Chorus)
650 _aClassical music
_xExcerpts
_zIndia
_917892
700 _aMohd Rafi
_918824
700 _aJagmohan, Sapan
_918869
700 _aShailendra
_918859
942 _2ddc
_cGR
999 _c44425
_d44425